Statistics for Most Populous Countries By Last Letter A-Z

Click here to take the quiz!

General Stats

  • This quiz has been taken 28 times
  • The average score is 12 of 18

Answer Stats

LetterPopulationCountry% Correct
A1,387 mChina
100%
L208 mBrazil
92%
N209 mPakistan
88%
Y82 mGermany
83%
Q38 mIraq
79%
S326 mUnited States
79%
H163 mBangladesh
71%
E67 mFrance
71%
O123 mMexico
67%
D69 mThailand
67%
T96 mEgypt
63%
U31 mPeru
63%
K5.7 mDenmark
54%
R53 mMyanmar
46%
M93 mVietnam
46%
C10.5 mCzech Republic
42%
I18.6 mMalawi
38%
G590,000Luxembourg
33%

Score Distribution

Percentile by Number Answered

Percent of People with Each Score

Your Score History

You have not taken this quiz